000 00699nam a2200277Ia 4500
005 20250425162521.0
008 250425s9999 xx 000 0 und d
020 _a9789942986818
041 _aspa
043 _aec
082 _a342.052 46
100 _aHANSEN-HOLM, MARIO ARTURO
245 0 _aMANUAL DE OBLIGACIONES TRIBUTARIAS
250 _a5A ED.
260 _aEcuador
_bHANSEN-HOLM, MARIO ARTURO
_c2012
260 _aGUAYAQUIL
_bHANSEM-HOLM
300 _a539
500 _aINCLUYE CD, MAPA
650 _aLEGISLACION TRIBUTARIA
650 _aLEGISLACION TRIBUTARIA
650 _aMANUAL
650 _aMANUAL
710 _aHANSEN-HOLM & CO.
942 _c01
010 _a80978
999 _c230843
_d230843